ბათუმის შოთა რუსთაველის სახელმწიფო უნივერსიტეტის ბიბლიოთეკა

კლიმატის ცვლილებების მიმართ მდგრადი, დაბალემისიებიანი (კლიმატგონივრული) სოფლის მეურნეობა : (ბიბ.ჩანაწერი № 58698)

000 -ლიდერი
ფიქსირებული სიგრძის საკონტროლო ველი 01510nam a22002057a 4500
003 - საკონტროლო ნომრის იდენტიფიკატორი
საკონტროლო ველი Ge_BSU
005 - ბოლო ოპერაციის თარიღი და დრო
საკონტროლო ველი 20220630134017.0
008 - ფიქსირებული სიგრძის მონაცემთა ელემენტები - ზოგადი ინფორმაცია
ფიქსირებული სიგრძის საკონტროლო ველი 220630s2020 ge ||||| |||| 00| 0 geo d
041 ## - ენის კოდი
Language code of text/sound track or separate title geo
080 ## - უნივერსალური ათობითი კლასიფიკაციის ინდექსი
Universal Decimal Classification number 551.583+502.131.1 კ-60
245 ## - ცნობა სათაურის შესახებ
Title კლიმატის ცვლილებების მიმართ მდგრადი, დაბალემისიებიანი (კლიმატგონივრული) სოფლის მეურნეობა :
Remainder of title მეთოდოლოგიური გზამკვლევი /
Statement of responsibility, etc რედ.: თამარ სანიკიძე, თამარ ალადაშვილი.
264 ## - წარმოების, გამოცემის, დისტრიბუციის და სხვა ცნობები
გამოცემის, წარმოების, დისტრიბუციის... თარიღი 2020.
300 ## - ფიზიკური აღწერა
Extent 80 გვ.:
Other physical details ილ.;
Dimensions 28 სმ.
500 ## - ზოგადი შენიშვნა
General note მეთოდოლოგიური გზამკვლევი შედგენილია გაეროს განვითარების პროგრამისა (UNDP) და შვეიცარიის განვითარებისა და თანამშრომლობის სააგენტოს მხარდაჭერით.
653 ## - INDEX TERM--UNCONTROLLED
Uncontrolled term კლიმატის ცვლილებები
653 ## - INDEX TERM--UNCONTROLLED
Uncontrolled term მეთოდოლოგიური გზამკვლევი
700 ## - ADDED ENTRY--PERSONAL NAME
Personal name სანიკიძე, თამარ
Relator term რედაქტორი
9 (RLIN) 14264
700 ## - ADDED ENTRY--PERSONAL NAME
Personal name ალადაშვილი, თამარ
Relator term რედაქტორი
9 (RLIN) 14265
942 ## - ADDED ENTRY ELEMENTS (KOHA)
Source of classification or shelving scheme
Koha item type წიგნი
ეგზემპლარები
ჩამოწერის სტატუსი დაკარგული ეგზემპლარის სტატუსი კლასიფიკაციის წყარო ან თაროზე გაწყობის სქემა დაზიანების სტატუსი არ გაიცემა მუდმივი მდებარეობა (დაცვის ადგილი) ამჟამინდელი ადგილსამყოფელი თაროზე განთავსების ადგილი შეძენის თარიღი ღირებულება, შესყიდვის ნორმალური ფასი სრული შენახვის შიფრი შტრიხკოდი ბოლო ოპერაციის თარიღი ეგზემპლარის მიმდევრობითი ნომერი (კეტერი?) ფასის ძალაში შესვლის თარიღი ეგზემპლარის სახეობა საჯარო შენიშვნა
          ბათუმის შოთა რუსთაველის სახელმწიფო უნივერსიტეტის მთავარი ბიბლიოთეკა ბათუმის შოთა რუსთაველის სახელმწიფო უნივერსიტეტის მთავარი ბიბლიოთეკა წიგნსაცავი 2022-06-30 5.00 551.583+502.131.1 კ-60 62922 2022-06-30 62922 2022-06-30 წიგნი 5 ლ.
          პროფესიული პროგრამების მართვის და უწყვეტი განათლების ცენტრის ბიბლიოთეკა პროფესიული პროგრამების მართვის და უწყვეტი განათლების ცენტრის ბიბლიოთეკა წიგნსაცავი 2022-06-30 5.00 551.583+502.131.1 კ-60 62920 2022-06-30 62920 2022-06-30 წიგნი 5.00
          პროფესიული პროგრამების მართვის და უწყვეტი განათლების ცენტრის ბიბლიოთეკა პროფესიული პროგრამების მართვის და უწყვეტი განათლების ცენტრის ბიბლიოთეკა წიგნსაცავი 2022-06-30 5.00 551.583+502.131.1 კ-60 62921 2022-06-30 62921 2022-06-30 წიგნი 5.00
          პროფესიული პროგრამების მართვის და უწყვეტი განათლების ცენტრის ბიბლიოთეკა პროფესიული პროგრამების მართვის და უწყვეტი განათლების ცენტრის ბიბლიოთეკა წიგნსაცავი 2022-06-30 5.00 551.583+502.131.1 კ-60 62923 2022-06-30 62923 2022-06-30 წიგნი 5 ლ.
          პროფესიული პროგრამების მართვის და უწყვეტი განათლების ცენტრის ბიბლიოთეკა პროფესიული პროგრამების მართვის და უწყვეტი განათლების ცენტრის ბიბლიოთეკა წიგნსაცავი 2022-06-30 5.00 551.583+502.131.1 კ-60 62924 2022-06-30 62924 2022-06-30 წიგნი 5 ლ.